header

Identity thieves (Record no. 135268)

MARC details
000 -LEADER
fixed length control field 01265nam a2200337Ia 4500
082 04 - DEWEY DECIMAL CLASSIFICATION NUMBER
Classification number 364.16/330973
100 1# - MAIN ENTRY--AUTHOR NAME
Personal name Copes, Heith.
245 10 - TITLE STATEMENT
Title Identity thieves
260 ## - PUBLICATION, DISTRIBUTION, ETC. (IMPRINT)
Place of publication Boston :
Name of publisher Northeastern University Press,
Year of publication c2012.
300 ## - PHYSICAL DESCRIPTION
Number of Pages xiii, 174 p.
650 #0 - SUBJECT ADDED ENTRY--TOPICAL TERM
Topical Term Identity theft
Topical Term Fraud
700 1# - ADDED ENTRY--PERSONAL NAME
Personal name Vieraitis, Lynne M.
856 40 - ELECTRONIC LOCATION AND ACCESS
Uniform Resource Identifier http://site.ebrary.com/lib/rucke/Doc?id=10540426

No items available.

© 2026 Rongo University
Contact us: librarian | system librarian | Rongo university